[Event "Autumn Open 2023"]
[Site "?"]
[Date "2023.10.07"]
[Round "2"]
[White "Sarwar, Adam"]
[Black "Quinn, Peter"]
[Result "0-1"]
[WhiteElo "926"]
[BlackElo "1654"]
[PlyCount "52"]
[SourceVersionDate "2023.10.12"]

1. e4 Nf6 2. Nc3 c6 3. d4 d6 4. Nf3 Nbd7 5. Bd3 g6 6. O-O Bg7 7. Bf4 Nh5 8. Bg5 h6 9. Bd2 O-O 10. Qc1 Kh7 11. Re1 e5 12. dxe5 dxe5 13. h3 Nc5 14. Bc4 Qf6 15. Qd1 Rd8 16. Qe2 Ne6 17. Bxe6 Bxe6 18. Rad1 Bf8 19. a3 Be7 20. Be3 Rg8 21. Qd2 g5 22. Qe2 g4 23. hxg4 Bxg4 24. Ng5+ Rxg5 25. Bxg5 Qxg5 26. f3 Bc5+ 0-1

[Event "Autumn Open 2023"]
[Site "?"]
[Date "2023.10.08"]
[Round "4"]
[White "Sarwar, Adam"]
[Black "Jones, Jeremy"]
[Result "0-1"]
[WhiteElo "926"]
[BlackElo "1525"]
[PlyCount "46"]
[SourceVersionDate "2023.10.12"]

1. e4 c5 2. Nf3 d6 3. Bb5+ Nc6 4. h3 a6 5. Bxc6+ bxc6 6. O-O g6 7. c3 Bg7 8. d4 cxd4 9. cxd4 e6 10. Nc3 Ne7 11. Bf4 O-O 12. Re1 d5 13. e5 Rb8 14. Qd2 Qb6 15. Qe3 Nf5 16. Qd3 Bd7 17. Rab1 c5 18. dxc5 Qxc5 19. Qd2 Bc6 20. Ne2 Qb4 21. Qc1 Rfc8 22. Qc3 Bd7 23. Qxb4 Rxb4 0-1

[Event "Autumn Open 2023"]
[Site "?"]
[Date "2023.10.08"]
[Round "5"]
[White "Hanczar, Csombor"]
[Black "Sarwar, Adam"]
[Result "1-0"]
[WhiteElo "1279"]
[BlackElo "926"]
[PlyCount "79"]
[SourceVersionDate "2023.10.12"]

1. Nf3 d5 2. g3 Nf6 3. Bg2 Nc6 4. O-O Bg4 5. h3 Bxf3 6. Bxf3 e5 7. d3 Bc5 8. Nd2 Ne7 9. c4 c6 10. a3 a5 11. Rb1 O-O 12. b4 axb4 13. axb4 Bd6 14. c5 Bc7 15. Nb3 b6 16. e3 Re8 17. d4 e4 18. Bg2 bxc5 19. bxc5 Rb8 20. Bd2 h6 21. Qc2 Qd7 22. Rb2 Rb7 23. Rfb1 Reb8 24. Nc1 Rxb2 25. Rxb2 Rxb2 26. Qxb2 Qc8 27. Bf1 Qb8 28. Qxb8+ Bxb8 29. Ba5 Kf8 30. Nb3 Ne8 31. Be2 Bc7 32. g4 Bxa5 33. Nxa5 f5 34. gxf5 Nxf5 35. Nxc6 Ne7 36. Nxe7 Kxe7 37. Kg2 g5 38. Kg3 h5 39. Bxh5 Ng7 40. Kg4 1-0

[Event "Autumn Open 2023"]
[Site "?"]
[Date "2023.10.07"]
[Round "1"]
[White "Sawtell, Michael"]
[Black "Camacho Collados, Jose"]
[Result "0-1"]
[WhiteElo "1532"]
[BlackElo "2375"]
[Annotator "Paul,Hatchett"]
[PlyCount "62"]
[EventDate "2023.??.??"]
[SourceVersionDate "2023.10.12"]

1. e4 c6 2. d4 d5 3. f3 Qb6 4. b3 e5 5. Bb2 Be6 6. dxe5 Bc5 7. Qe2 Bxg1 8. Nc3 Ne7 9. O-O-O Qe3+ 10. Qxe3 Bxe3+ 11. Kb1 O-O 12. exd5 cxd5 13. Bd3 Nbc6 14. Nb5 Rfd8 15. Nd6 Rab8 16. g3 Nb4 17. f4 Bg4 18. Rde1 Nxd3 19. cxd3 Bd2 20. Ref1 Be2 21. Rf2 Bxd3+ 22. Ka1 Bb4 23. Rd1 Be4 24. Nxe4 dxe4 25. Rxd8+ Rxd8 26. Kb1 Nf5 27. Rc2 h5 28. Rc7 Rd1+ 29. Bc1 Ba3 30. Rc8+ Kh7 31. Rc7 e3 0-1

[Event "Autumn 2023"]
[Site "Cardiff"]
[Date "2023.10.08"]
[Round "5"]
[White "Moulson, Paul"]
[Black "McKenna, Joshua"]
[Result "1/2-1/2"]
[WhiteElo "1402"]
[BlackElo "1543"]
[PlyCount "63"]
[EventDate "2023.??.??"]
[SourceVersionDate "2023.09.15"]

1. Nf3 Nf6 2. g3 g6 3. b3 Bg7 4. Bb2 O-O 5. Bg2 d6 6. O-O c6 7. d3 e5 8. e4 Be6 9. Nbd2 Qc8 10. Re1 Bg4 11. Nf1 Bh3 12. Bh1 h6 13. d4 exd4 14. Bxd4 d5 15. exd5 Nxd5 16. Bxg7 Kxg7 17. Qd4+ Kg8 18. Qh4 h5 19. Ng5 Bg4 20. f3 f6 21. fxg4 fxg5 22. Qxg5 Qxg4 23. Bxd5+ cxd5 24. Qxd5+ Rf7 25. Re8+ Kg7 26. Qe5+ Kh6 27. Rh8+ Rh7 28. Rxh7+ Kxh7 29. Qe7+ Kh6 30. Qf8+ Kh7 31. Qe7+ Kh6 32. Qf8+ 1/2-1/2

[Event "Autumn 2023"]
[Site "Cardiff"]
[Date "2023.10.08"]
[Round "4"]
[White "McKenna, Joshua"]
[Black "Belochkin, David"]
[Result "1-0"]
[WhiteElo "1543"]
[BlackElo "1204"]
[PlyCount "59"]
[EventDate "2023.??.??"]
[SourceVersionDate "2023.09.15"]

1. e4 e5 2. Nf3 Nc6 3. Bb5 Nge7 4. O-O a6 5. Ba4 b5 6. Bb3 g6 7. Ng5 d5 8. exd5 Nd4 9. d6 Nxb3 10. dxc7 Qxc7 11. axb3 h6 12. Qf3 Nc6 13. Nxf7 Rh7 14. Nxe5 Nxe5 15. Qxa8 Ng4 16. g3 Nxh2 17. Kxh2 Qd7 18. Qe4+ Kd8 19. Qd3 Bd6 20. Qxg6 Rg7 21. Qh5 Rg5 22. Qh4 Kc7 23. d3 Rg4 24. Qh3 Qe7 25. Nc3 Kb8 26. Nd5 Qd8 27. Qg2 Qh4+ 28. Kg1 Bxg3 29. fxg3 Rxg3 30. Bf4+ 1-0

[Event "Autumn 2023"]
[Site "Cardiff"]
[Date "2023.10.07"]
[Round "3"]
[White "Szakmany, Bence"]
[Black "McKenna, Joshua"]
[Result "1-0"]
[WhiteElo "1678"]
[BlackElo "1543"]
[PlyCount "51"]
[EventDate "2023.??.??"]
[SourceVersionDate "2023.09.15"]

1. e4 d6 2. d4 Nf6 3. Nc3 g6 4. Be3 c6 5. f3 Nbd7 6. a4 Qb6 7. b3 e5 8. Qd2 Bg7 9. dxe5 Qb4 10. exf6 Bxf6 11. Nge2 b6 12. Bd4 Bxd4 13. Qxd4 Qxd4 14. Nxd4 Bb7 15. O-O-O O-O-O 16. g3 Ne5 17. Bh3+ Kb8 18. f4 Nd7 19. Rhe1 h6 20. Bxd7 Rxd7 21. e5 dxe5 22. fxe5 Rhd8 23. e6 fxe6 24. Nxe6 Rxd1+ 25. Rxd1 Rxd1+ 26. Kxd1 1-0

[Event "Autumn 2023"]
[Site "Cardiff"]
[Date "2023.10.07"]
[Round "2"]
[White "McKenna, Joshua"]
[Black "Jukes, Sam"]
[Result "0-1"]
[WhiteElo "1543"]
[BlackElo "1919"]
[PlyCount "112"]
[EventDate "2023.??.??"]
[SourceVersionDate "2023.09.15"]

1. e4 c5 2. c3 Nf6 3. e5 Nd5 4. Nf3 Nc6 5. Bc4 Nb6 6. Bb3 d5 7. exd6 Qxd6 8. O-O Be6 9. Bxe6 Qxe6 10. d4 Rd8 11. Re1 Qd7 12. Be3 e6 13. Nbd2 Nd5 14. Bg5 f6 15. Bh4 cxd4 16. cxd4 Bb4 17. Qe2 Bxd2 18. Qxd2 O-O 19. Rad1 Qf7 20. Qe2 Rfe8 21. a3 Qg6 22. Bg3 Rd7 23. h3 Nb6 24. Nh4 Qg5 25. Nf3 Qd5 26. Qe4 Nc4 27. Qc2 b5 28. Qc3 a5 29. b4 Ra7 30. Ra1 Rea8 31. Red1 axb4 32. axb4 Rxa1 33. Rxa1 Rxa1+ 34. Qxa1 Nxb4 35. Qa7 h6 36. Qe7 Nc6 37. Qe8+ Kh7 38. Nh4 Qe4 39. f4 Nd6 40. Qd7 Nf5 41. Nxf5 exf5 42. Bf2 b4 43. d5 Nd4 44. Qb7 Qxf4 45. Qb6 Ne2+ 46. Kf1 Ng3+ 47. Kg1 Ne4 48. Qe3 Qxe3 49. Bxe3 Kg8 50. Kf1 b3 51. Bd4 Kf7 52. Ke2 Ke7 53. Kd3 Kd6 54. Kc4 Nd2+ 55. Kc3 Kxd5 56. Be3 b2 0-1